[Event "Asian-ch Seniors 65"]
[Site "Chess.com INT"]
[Date "2020.07.20"]
[Round "5.6"]
[White "Hazrat, Ali"]
[Black "Serjmyadag, Damdin"]
[Result "0-1"]
[WhiteElo "1753"]
[BlackElo "2008"]
[PlyCount "68"]
[EventDate "2020.07.20"]
[EventType "swiss"]
[EventRounds "9"]
[EventCountry "UAE"]
[SourceTitle "EXT 2024"]
[Source "ChessBase"]
[SourceDate "2023.10.10"]
[SourceVersion "1"]
[SourceVersionDate "2023.10.10"]
[SourceQuality "1"]

1. e4 e6 2. d4 d5 3. e5 c5 4. c3 Nc6 5. Nf3 cxd4 6. cxd4 Bb4+ 7. Nc3 Nge7 8. Bb5 Qa5 9. Bxc6+ Nxc6 10. Bd2 0-0 11. 0-0 Qd8 12. h3 a6 13. Be3 b5 14. Nh2 Bd7 15. Qg4 f5 16. Qg5 Be7 17. Qf4 g5 18. Qf3 f4 19. Bd2 Nxd4 20. Qg4 Nf5 21. Bxf4 Kh8 22. Bd2 Bc6 23. f4 Rg8 24. fxg5 Bxg5 25. Bxg5 Rxg5 26. Qd4 Nxd4 27. Rf7 Nf5 28. Ng4 d4 29. Nf6 Rxg2+ 30. Kf1 Rg7 31. Ne2 Ne3+ 32. Kf2 Rxf7 33. Nf4 Rxf6 34. exf6 Qxf6 0-1

[Event "WchT Seniors 65"]
[Site "Rhodes"]
[Date "2019.04.17"]
[Round "2.12"]
[White "Lundgren, Ulf"]
[Black "Serjmyadag, Damdin"]
[Result "1-0"]
[WhiteElo "1964"]
[BlackElo "1895"]
[PlyCount "111"]
[EventDate "2019.04.16"]
[EventType "team-swiss"]
[EventRounds "9"]
[EventCountry "GRE"]
[SourceTitle "CBM 190 Extra"]
[Source "ChessBase"]
[SourceDate "2019.07.15"]
[SourceVersion "1"]
[SourceVersionDate "2019.07.15"]
[SourceQuality "1"]
[WhiteTeam "Sweden III"]
[BlackTeam "Mongolia (Women)"]
[WhiteTeamCountry "SWE"]
[BlackTeamCountry "MGL"]

1. d4 e6 2. Nf3 d5 3. c4 Nf6 4. Bg5 Be7 5. e3 Ne4 6. Bxe7 Qxe7 7. Nc3 c6 8. Bd3 f5 9. Ne5 0-0 10. a3 Nd7 11. Nxd7 Bxd7 12. 0-0 Qg5 13. f4 Qh4 14. Nxe4 dxe4 15. Be2 Rad8 16. Qe1 Qe7 17. b4 Kh8 18. Qc3 Qf6 19. Rac1 Rc8 20. c5 Rg8 21. a4 g5 22. Bc4 gxf4 23. Rxf4 Rg7 24. Rc2 Rcg8 25. Qb2 Re8 26. Rcf2 Qe7 27. Rd2 Reg8 28. Qa2 Re8 29. Rf1 Rg5 30. Qb2 Qg7 31. b5 h5 32. Rf4 Kh7 33. Rdf2 Re7 34. a5 e5 35. Rh4 exd4 36. exd4 Kg6 37. b6 Qf8 38. bxa7 Qa8 39. Qb6 Rg4 40. Rxg4+ hxg4 41. Rb2 Be8 42. d5 Kg5 43. d6 Rg7 44. g3 Kf6 45. Rf2 Bd7 46. Rb2 Be6 47. Bxe6 Kxe6 48. Kf2 Rd7 49. Ke3 Ke5 50. Rf2 Rf7 51. Qb2+ Ke6 52. Qb3+ Kf6 53. Rxf5+ Kxf5 54. Qxf7+ Ke5 55. Qe7+ Kd5 56. d7 1-0

[Event "WchT Seniors 65"]
[Site "Rhodes"]
[Date "2019.04.16"]
[Round "1.11"]
[White "Serjmyadag, Damdin"]
[Black "Just, Joachim"]
[Result "0-1"]
[WhiteElo "1895"]
[BlackElo "1970"]
[PlyCount "140"]
[EventDate "2019.04.16"]
[EventType "team-swiss"]
[EventRounds "9"]
[EventCountry "GRE"]
[SourceTitle "CBM 190 Extra"]
[Source "ChessBase"]
[SourceDate "2019.07.15"]
[SourceVersion "1"]
[SourceVersionDate "2019.07.15"]
[SourceQuality "1"]
[WhiteTeam "Mongolia (Women)"]
[BlackTeam "Stiftung BSW/DBAG"]
[WhiteTeamCountry "MGL"]
[BlackTeamCountry "GER"]

1. e4 c5 2. Nf3 Nc6 3. Bc4 g6 4. c3 Nf6 5. e5 Ng4 6. d4 d5 7. Be2 cxd4 8. cxd4 Bg7 9. Nc3 0-0 10. 0-0 e6 11. Ng5 Nh6 12. f4 f6 13. Nf3 fxe5 14. fxe5 Nf5 15. g4 Nh4 16. Be3 Bd7 17. Kh1 Nxf3 18. Bxf3 Qb6 19. Qd2 Rad8 20. Rad1 Na5 21. b3 Qb4 22. Nxd5 Qxd2 23. Bxd2 Nc6 24. Nf6+ Bxf6 25. exf6 Nxd4 26. Bxb7 Bb5 27. Rf2 Be2 28. Re1 Bxg4 29. Bb4 Rf7 30. Bg2 Bf5 31. Bc3 Nc2 32. Ree2 Rd1+ 33. Rf1 Rfd7 34. Ref2 Ne3 35. Kg1 Nxf1 36. Rxf1 Rxf1+ 37. Kxf1 Kf7 38. h4 Rd3 39. Be5 Rd1+ 40. Ke2 Bg4+ 41. Ke3 Re1+ 42. Kf4 Bf5 43. Bf3 h6 44. Bd4 a6 45. Kg3 g5 46. hxg5 hxg5 47. Kf2 Rc1 48. Bh5+ Bg6 49. Be2 Rc2 50. Ke3 Rxa2 51. Bc4 a5 52. Be5 a4 53. b4 Rc2 54. Kd4 a3 55. Bb3 a2 56. Ke3 Rc1 57. Bxa2 Re1+ 58. Kd4 Re4+ 59. Kc5 Rxe5+ 60. Kd6 Re2 61. Bc4 Rd2+ 62. Ke5 Bf5 63. b5 Rb2 64. Bf1 Rb4 65. Kd6 g4 66. Kc5 Rb1 67. Bg2 e5 68. b6 e4 69. Kc6 e3 70. Kc7 e2 0-1

[Event "Wch Seniors 65 (Women) 28th"]
[Site "Bled"]
[Date "2018.11.26"]
[Round "8"]
[White "Serjmyadag, Damdin"]
[Black "Dotan, Valeria"]
[Result "1-0"]
[WhiteElo "1864"]
[BlackElo "1883"]
[PlyCount "63"]
[EventDate "2018.11.18"]
[EventType "swiss"]
[EventRounds "11"]
[EventCountry "SLO"]
[SourceTitle "CBM 187 Extra"]
[Source "ChessBase"]
[SourceDate "2018.11.04"]
[SourceVersion "1"]
[SourceVersionDate "2018.11.04"]
[SourceQuality "1"]

1. e4 c5 2. c4 Nc6 3. Nf3 d6 4. Nc3 g6 5. d4 cxd4 6. Nxd4 Bg7 7. Be3 Nf6 8. f3 Bd7 9. Qd2 Nxd4 10. Bxd4 Bc6 11. Be2 0-0 12. 0-0 Re8 13. Rad1 b6 14. Nd5 Nxd5 15. exd5 Ba4 16. b3 Bd7 17. Bxg7 Kxg7 18. Bd3 Qc8 19. Rfe1 Qc5+ 20. Kh1 Qc8 21. Re3 Rb8 22. Rde1 Qd8 23. f4 e6 24. dxe6 fxe6 25. Be4 Qc7 26. Rd3 d5 27. cxd5 Rbd8 28. d6 Qb8 29. h4 Bb5 30. Qc3+ Kh6 31. Rh3 Rf8 32. h5 1-0

[Event "ASEAN-ch Seniors 50+"]
[Site "Taipa"]
[Date "2014.06.07"]
[Round "5"]
[White "Serjmyadag, Damdin"]
[Black "Giam, Choo Kwee"]
[Result "0-1"]
[WhiteElo "2015"]
[BlackElo "2048"]
[PlyCount "94"]
[EventDate "2014.06.04"]
[EventType "swiss"]
[EventRounds "7"]
[EventCountry "MAC"]
[SourceTitle "EXT 2018"]
[Source "ChessBase"]
[SourceDate "2017.10.13"]
[SourceVersion "1"]
[SourceVersionDate "2017.10.13"]
[SourceQuality "1"]

1. e4 e6 2. Nf3 d5 3. exd5 exd5 4. d4 Nf6 5. Nc3 Bb4 6. Be2 0-0 7. 0-0 Bxc3 8. bxc3 Ne4 9. Bb2 Re8 10. c4 c6 11. Ne5 Nd7 12. f3 Nd6 13. cxd5 Nf5 14. Qd2 Nxe5 15. dxe5 Qb6+ 16. Kh1 Qxb2 17. d6 Bd7 18. f4 Qd4 19. Bd3 g6 20. Rab1 b5 21. Rbe1 Rad8 22. Qc1 c5 23. Be4 Nxd6 24. Bxg6 hxg6 25. Rd1 Qc4 26. Rxd6 Bf5 27. Rfd1 Rxd6 28. exd6 Qxc2 29. Qa1 Be4 30. Rg1 Bc6 31. h4 Qd3 32. Kh2 Qxd6 33. Qf1 Qe7 34. Qf2 Qe3 35. Qf1 Qe2 36. Qa1 Qg4 37. Qf6 Re6 38. Qg5 Qxg5 39. hxg5 Re2 40. a4 Ra2 41. Kh3 Ra3+ 42. g3 Ra2 43. Re1 c4 44. Re5 Bd7+ 45. g4 c3 46. f5 gxf5 47. gxf5 c2 0-1